Fruit and vegetable preservation (Record no. 13776)
[ view plain ]
| 000 -LEADER | |
|---|---|
| fixed length control field | 00319nam a22001337a 4500 |
| 020 ## - INTERNATIONAL STANDARD BOOK NUMBER | |
| ISBN | 9788176220804 |
| 082 ## - DEWEY DECIMAL CLASSIFICATION NUMBER | |
| Classification number | 664.028 |
| Item number | BHU/FR |
| 100 ## - MAIN ENTRY--AUTHOR NAME | |
| Personal name | Bhutani,R.C |
| 245 ## - TITLE STATEMENT | |
| Title | Fruit and vegetable preservation |
| 260 ## - PUBLICATION, DISTRIBUTION, ETC. (IMPRINT) | |
| Place of publication | Delhi |
| Name of publisher | Biotech books |
| Year of publication | 2012 |
| 300 ## - PHYSICAL DESCRIPTION | |
| Number of Pages | 485 p |
| 700 ## - ADDED ENTRY--PERSONAL NAME | |
| Personal name | Subrahmanyan,V |
| 942 ## - ADDED ENTRY ELEMENTS (KOHA) | |
| Koha item type | Books |
| Withdrawn status | Lost status | Damaged status | Collection code | Home library | Current library | Shelving location | Date acquired | Source of acquisition | Cost, normal purchase price | Full call number | Accession Number | Koha item type |
|---|---|---|---|---|---|---|---|---|---|---|---|---|
| Non-fiction | KAUAET | KAUAET | General Stacks | 31/03/2012 | Penta Book Distributors, Calicut | 1290.00 | 664.028 BHU/FR | 22633 | Books | |||
| KAUAET | KAUAET | General Stacks | 13/06/2016 | Universal Research Books, Thrissur | 1290.00 | 664.028 BHU/FR | 24288 | Books |
